Associa il nome, al cognome del calciatore italiano - Statistics

Statistiche generali
  • Questo quiz è stato fatto 271 volte
  • Il punteggio medio è 30 su 44
Statistiche sulle risposte
Hint Risposta % Corretto
Ciro Immobile
92%
Alessandro Del Piero
91%
Carlo Ancelotti
86%
Gianluigi Donnarumma
83%
Gennaro Gattuso
82%
Leonardo Bonucci
81%
Fabio Cannavaro
81%
Giorgio Chiellini
81%
Federico Chiesa
81%
Lorenzo Insigne
81%
Davide Astori
80%
Francesco Totti
80%
Daniele De Rossi
78%
Antonio Cassano
76%
Roberto Baggio
75%
Luca Toni
75%
Walter Zenga
75%
Niccolò Barella
74%
Domenico Berardi
73%
Filippo Inzaghi
73%
Claudio Marchisio
72%
Manuel Locatelli
70%
Gianni Rivera
70%
Christian Vieri
70%
Paolo Rossi
69%
Franco Baresi
67%
Giovanni Di Lorenzo
66%
Dino Zoff
66%
Bruno Conti
65%
Ignazio Abate
64%
Andrea Belotti
64%
Riccardo Orsolini
64%
Sandro Tonali
64%
Salvatore Schillaci
62%
Marco Verratti
62%
Matteo Darmian
61%
Emanuele Giaccherini
60%
Massimo Oddo
58%
Samuele Ricci
55%
Angelo Peruzzi
48%
Valentino Mazzola
46%
Pietro Vierchowod
44%
Stefano Fiore
36%
Rino Marchesi
35%
Nessun quiz corrispondente trovato
Distribuzione punteggi
Percentuale di utenti per punteggio
Percentile per numero di risposta
I tuoi punteggi nel tempo
Non hai fatto questo quiz